बच्चे नहीं होते समस्या / (Record no. 31989)
[ view plain ]
| 000 -LEADER | |
|---|---|
| fixed length control field | 01382nam a22002657a 4500 |
| 005 - DATE AND TIME OF LATEST TRANSACTION | |
| control field | 20091120134257.0 |
| 008 - FIXED-LENGTH DATA ELEMENTS--GENERAL INFORMATION | |
| fixed length control field | 091120t xxu||||| |||| 00| 0 hin d |
| 010 ## - LCCN (DPL NO) | |
| LC control number | HIN-88659 |
| 020 ## - INTERNATIONAL STANDARD BOOK NUMBER | |
| Terms of availability | 75.00 |
| International Standard Book Number | 8121406102 |
| 035 ## - SYSTEM CONTROL NUMBER | |
| System control number | HN-61005 |
| 035 ## - SYSTEM CONTROL NUMBER | |
| System control number | B-151177 |
| 037 ## - SOURCE OF ACQUISITION | |
| Source of stock number/acquisition | DBAD / PUB |
| 040 ## - CATALOGING SOURCE | |
| Original cataloging agency | DPL |
| Language of cataloging | HN |
| 082 ## - DEWEY DECIMAL CLASSIFICATION NUMBER | |
| Classification number | 649.1 |
| 100 ## - MAIN ENTRY--PERSONAL NAME | |
| Personal name | काबरा, रूपनारायण |
| 9 (RLIN) | 40785 |
| 245 ## - TITLE STATEMENT | |
| Title | बच्चे नहीं होते समस्या / |
| Statement of responsibility, etc | रूपनारायण काबरा |
| 246 ## - VARYING FORM OF TITLE | |
| Title proper/short title | bache nahin hotai smsya / |
| Remainder of title | Roopnarayan kabra |
| 260 ## - PUBLICATION, DISTRIBUTION, ETC. (IMPRINT) | |
| Place of publication, distribution, etc | नई दिल्ली |
| Name of publisher, distributor, etc | नेशनल पब्लिशिंग हाउस |
| Date of publication, distribution, etc | 2006 |
| 270 ## - ADDRESS | |
| Address | 2/35, अंसारी रोड, दरियागंज |
| City | नई दिल्ली |
| Postal code | 110002 |
| 300 ## - PHYSICAL DESCRIPTION | |
| Extent | 100पृ |
| Dimensions | 22सेमी (सजिल्द) |
| 650 ## - SUBJECT ADDED ENTRY--TOPICAL TERM | |
| Topical term or geographic name as entry element | बालकों का व्यवहार द्वारा उपचार |
| 9 (RLIN) | 40786 |
| 942 ## - ADDED ENTRY ELEMENTS (KOHA) | |
| Source of classification or shelving scheme | Dewey Decimal Classification |
| Item type | Hindi Books |
| Classification part | 649.1 |
| Call number suffix | काबरा |
| Withdrawn status | Lost status | Source of classification or shelving scheme | Damaged status | Not for loan | Collection code | Home library | Current library | Date acquired | Source of acquisition | Cost, normal purchase price | Total Checkouts | Full call number | Barcode | Date last seen | Copy number | Cost, replacement price | Koha item type | Public note | Shelving location |
|---|---|---|---|---|---|---|---|---|---|---|---|---|---|---|---|---|---|---|---|
| Dewey Decimal Classification | Not For Loan | Non-fiction | D.B.Act.Division | D.B.Act.Division | 21/11/2009 | DBAD / PUB | 75.00 | 649.1 काबरा | HN-61005 | 21/11/2009 | 1 | 75.00 | Hindi Books | ||||||
| Dewey Decimal Classification | Fiction | Patel Nagar | Patel Nagar | BPPD/PUB | 75.00 | 649.1 काबरा | B-151175 | 21/01/2020 | 1 | 75.00 | Hindi Books | Fiction | |||||||
| Dewey Decimal Classification | Non-fiction | Sarojini Nagar | Sarojini Nagar | 04/02/2012 | 75.00 | 2 | 649.1 काबरा | B-151177 | 12/03/2022 | 75.00 | Hindi Books | Withdrawn List Prepared List No. 26/24 |
